000 00874nam a2200241 i 4500
001 bg
100 1 _aJAKUBIUK, Kazimierz
245 1 0 _aElectrical explosion and implosion of conductors /
_cKazimierz Jakubiuk.
260 _aGdańsk :
_bTechnical Univ. of Gdańsk,
_c2000.
300 _a359 s. :
_brys., wykr. ;
_c24 cm.
490 1 _aAdvances of High Voltage Technology / Polish Academy of Sciences. Electrical Engineering Committee ;
_v23
504 _aBibliogr.
650 9 _aWyładowania elektryczne
_xbadanie
650 9 _aPrzewody elektryczne
_xfizyka
_xbadanie
830 0 _aAdvances of High Voltage Technology (Polish Academy of Sciences. Electrical Engineering Committee) ;
_v23
020 _a8388007505
040 _cBPK
041 0 _aen
080 _a621.315:537.5
920 _a83-88007-50-5
942 _cKS
008 s pl f |000 0 pol
999 _c39531
_d39531
856 _uhttp://koha.tu.koszalin.pl/cgi-bin/koha/opac-detail.pl?biblionumber=39531
_yKatalog online BPK